Los árboles mueren de pie. (Registro nro. 2862)

Detalles MARC
000 -LEADER
fixed length control field 01308nam a2200205 a 4500
008 - CAMPO DE CONTROL (LIBRO)
fixed length control field 161215t2004 ag |||g |||| 00| 1 spa d
020 ## - INTERNATIONAL STANDARD BOOK NUMBER
ISBN 9500301245
041 ## - CODIGO DE IDIOMA
Código de idioma del texto/pista de sonido o título separado spa
092 ## - SIGNATURA TOPOGRAFICA DEWEY LOCAL
número de clasificación 808
libristica 10
sección CAS
100 1# - ENTRADA PRINCIPAL--NOMBRE PERSONAL
Nombre personal Casona, Alejandro
9 (RLIN) 3267
245 4# - TITULO PROPIAMENTE DICHO
Título Los árboles mueren de pie.
Subtítulo y Título paralelo Comedia en tres actos /
Mención de responsabilidad y remanente de la transcripción de la portada Alejandro Casona
250 ## - MENCION DE EDICION
Mención de edición 38a ed.
Mención de responsabilidad relacionada con la ed. Prólogo y notas Stella Maris H. Miravalles
260 ## - PIE DE IMPRENTA
Lugar de publicación, distribución, etc Buenos Aires:
Nombre de la editorial, distribuidor, etc Losada;
Fecha de publicación 2004.
300 ## - DESCRIPCION FISICA
Extension 151 p.
500 ## - NOTA GENERAL
Nota general Casona, A. (2004). Los árboles mueren de pie. Comedia en tres actos. (38a ed.). Buenos Aires : Losada.
505 ## - NOTA DE CONTENIDO
Nota de contenido formateada Esta obra está vinculada, por sus escenas iniciales, con otra anterior: Prohibido suicidarse en primavera, ya que ambas se relacionan con una institución de caridad -de características muy peculiares- fundada por el doctor Ariel, "que pretende llegar a la caridad, por medio de la poesía". El título adelanta como temática central, el poder de la voluntad movida por fines altruistas, capaz del disimulo aún en circunstancias en que un dolor muy grande nos haga morir por dentro. Al final del drama es la misma abuela Eugenia, destacada como protagonista, quien se encarga de aclararlo.
590 ## - NOTAS LOCALES (RLIN)
Nota local Proyecto 4to libro. Donación Adriana Navarro. Febrero 2019
655 ## - MATERIA - GENERO/FORMA
Género/Forma Teatro
-- 3268
942 ## - ADDED ENTRY ELEMENTS (KOHA)
Source of classification or shelving scheme Dewey Decimal Classification
Item type LITERATURA
Existencias
Estado de retiro Existencia Fuente de clasificación Estado general No para prestamo Ubicación permanente ubicación actual Sala de ubicación Fecha de adquisición Fuente de adquisición Total Checkouts Número de clasificación Código de barras Date last seen Número de ejemplar Price effective from Koha tipo de elemento (item) Public note
    Dewey Decimal Classification     Biblioteca Medicina Biblioteca Medicina Circulación 28/02/2019 Proyecto 4to libro. Donación Adriana Navarro. Febrero 2019   808 10 CAS 4389 28/02/2019 Ej. 1 28/02/2019 LITERATURA Proyecto 4to libro. Donación Adriana Navarro. Febrero 2019

UNIVERSIDAD NACIONAL DEL COMAHUE
Biblioteca de la Facultad de Ciencias Médicas
Sede Toschi: Los Arrayanes y Av. Toschi, Cipolletti  - Rio Negro
Sede Los Tordos:  Yrigoyen al 2211, Cipolletti - Rio Negro 

Teléfono: 0299 - 4774707 int 25
Contacto: biblioteca@facimed.uncoma.edu.ar
© 2011 - 2026